000 00292nam a2200109Ia 4500
008 231017s9999 xx 000 0 und d
245 0 _aNCHRP Report 614: Refining the Simple Performance Tester for Use of Routine Practice
245 0 _cTRB
260 _bTRB
300 _c30cm
942 _cREP
999 _c603638
_d603638